| 000 | 00000nam 2200000zi 4500 |
| 001 | 9.946056 |
| 003 | CaOODSP |
| 005 | 20250403102726 |
| 006 | m o d f |
| 007 | cr mn||||||||| |
| 008 | 241211e20250127oncd obs f000 0 fre d |
| 020 | |a9780660748474 |
| 040 | |aCaOODSP|bfre|erda|cCaOODSP |
| 043 | |an-cn--- |
| 086 | 1 |aCS89-654/2025-2F-PDF |
| 100 | 1 |aHachouch, Youssef, |eauteur. |
| 245 | 10|aObstacles à l'accessibilité liés aux comportements, aux fausses idées ou aux suppositions : |brésultats de l'Enquête canadienne sur l'incapacité de 2022 / |cpar Youssef Hachouch, Huda Akef, Carrly McDiarmid, Marysa Vachon, Stuart Morris et Diana Simionescu. |
| 264 | 1|a[Ottawa] : |bStatistique Canada = Statistics Canada, |c27 janvier 2025. |
| 264 | 4|c©2025 |
| 300 | |a1 ressource en ligne (21 pages) : |bgraphiques en couleur. |
| 336 | |atext|btxt|2rdacontent/fre |
| 337 | |acomputer|bc|2rdamedia/fre |
| 338 | |aonline resource|bcr|2rdacarrier/fre |
| 490 | 0 |aRapports sur l'incapacité et l'accessibilité au Canada |
| 500 | |aPublié aussi en anglais sous le titre : Barriers to accessibility related to behaviours, misconceptions or assumptions: findings from the 2022 Canadian Survey on Disability. |
| 500 | |a« N° 89-654-X2025002 au catalogue. » |
| 504 | |aComprend des références bibliographiques (pages 19-21). |
| 520 | |a« Cette étude s’appuie sur l’Enquête canadienne sur l’incapacité de 2022 pour explorer les expériences des personnes ayant une incapacité, âgées de 15 ans et plus, qui se heurtent à des obstacles à l’accessibilité découlant de comportements, de fausses idées ou de suppositions formulées à leur sujet par différentes sources au cours de leur vie. Pour progresser vers un Canada accessible, il faut éliminer les obstacles liés à l’environnement physique et social des personnes ayant une incapacité, ce qui nécessite une compréhension des obstacles comportementaux qu’elles rencontrent dans leurs interactions avec les autres » -- Fourni par l'éditeur. |
| 650 | 6|aPersonnes handicapées|zCanada|vStatistiques. |
| 650 | 6|aAccessibilité aux personnes handicapées|zCanada|vStatistiques. |
| 655 | 7|aStatistiques|2rvmgf |
| 710 | 2 |aStatistique Canada, |eorganisme de publication. |
| 775 | 08|tBarriers to accessibility related to behaviours, misconceptions or assumptions : |w(CaOODSP)9.946054 |
| 856 | 40|qPDF|s420 Ko|uhttps://publications.gc.ca/collections/collection_2025/statcan/89-654-x/89-654-x2025002-fra.pdf |
| 856 | 4 |qHTML|sS.O.|uhttps://www150.statcan.gc.ca/n1/pub/89-654-x/89-654-x2025002-fra.htm |